| 000 | 00317nam a2200109 4500 | ||
|---|---|---|---|
| 999 |
_c12295 _d12295 |
||
| 008 | 190122b ||||| |||| 00| 0 eng d | ||
| 245 | _aDepEd, NCIP strengthen partnership for IP education. | ||
| 260 |
_aPhilippines _bThe Philippine Star _cc2018 |
||
| 300 | _apage 11. | ||
| 650 | 0 |
_934737 _aEducation. |
|
| 942 |
_2ddc _cPER |
||